| 000 | 00497nam a2200205Ia 4500 | ||
|---|---|---|---|
| 999 |
_c59688 _d59688 |
||
| 003 | 0100 | ||
| 005 | 20180307153421.0 | ||
| 008 | 130303s9999 xx 000 0 und d | ||
| 040 | _cARRUPELIB | ||
| 050 | _aDT958.R35 1979 | ||
| 100 |
_aRanger, Terence O _926429 |
||
| 245 |
_aRevolt in Southern Rhodesia 1896-7: _ba study in African resistance / |
||
| 260 |
_aLondon _bHeinemann _c1967 |
||
| 300 | _a403p. | ||
| 300 | _b 23 cm | ||
| 650 |
_aMashonaland _xHistory _940322 |
||
| 942 |
_2lcc _02 _cMONOGRAPH |
||